000 00312nam a22001337a 4500
008 181210b xxu||||| |||| 00| 0 eng d
020 _a0070480575
041 _aeng
080 _a510
100 _a37
101 _aMAT
245 _aHandbook Numeirical Analysis Applications
_cJaroslav.p
942 _2udc
_cBK
999 _c53119
_d53119